| 000 | 01165nam a2200325 i 4500 | ||
|---|---|---|---|
| 001 | 69634 | ||
| 003 | Mx-PuUPA | ||
| 005 | 20220615091915.0 | ||
| 008 | 220603s2013 ag a|||gr|||| 00| 0 spa d | ||
| 020 | _a9789506416393 | ||
| 040 |
_aMx-PuUPA _bspa _cMx-PuUPA _dMx-PuUPA _erda |
||
| 041 | 0 | _aspa | |
| 100 | 1 |
_aGore, Ernesto, _eautor _912703 |
|
| 245 | 1 | 3 |
_aEl próximo management : _bacción, práctica y aprendizaje / _cErnesto Gore |
| 250 | _a1a. edición | ||
| 264 | 1 |
_aBuenos Aires : _bGranica, _c©2013 |
|
| 264 | 1 |
_aEdo. de México : _bEdiciones Granica México, _c©2013 |
|
| 300 |
_a262 páginas : _bilustraciones _c22 cm |
||
| 336 |
_2rdacontent _atexto _btxt |
||
| 337 |
_2rdamedia _asin medio _bn |
||
| 338 |
_2rdacarrier _avolumen _bnc |
||
| 545 | _aReimpresiones: (Primera, marzo). | ||
| 650 | 7 |
_2armarc _aAdministración de empresas |
|
| 650 | 7 |
_2armarc _aPlanificación empresarial |
|
| 942 |
_2ddc _cLI _h658 _iG665 |
||
| 999 |
_c69634 _d69634 |
||